| 000 | 00444nam a2200193Ia 4500 | ||
|---|---|---|---|
| 008 | 170918s9999 xx 000 0 und d | ||
| 020 | _a9780312563752 | ||
| 050 | _bN765 2011 | ||
| 100 | _aNoel, Alyson | ||
| 245 | _aDreamland / | ||
| 245 | _cby Alyson Noel. | ||
| 250 | _aFirst edition | ||
| 260 | _aNew York : | ||
| 260 | _bSquare Fish, | ||
| 260 | _c2011 | ||
| 300 | _a210 pages : | ||
| 300 | _billustrations ; | ||
| 300 | _c20cm. | ||
| 999 |
_c344001 _d344001 |
||